Algunas consideraciones escépticas sobre la maleabilidad de las instituciones representativas /
Wedi'i Gadw mewn:
| Prif Awdur: | |
|---|---|
| Awduron Eraill: | |
| Fformat: | Texto |
| Pynciau: | |
| Tagiau: |
Ychwanegu Tag
Dim Tagiau, Byddwch y cyntaf i dagio'r cofnod hwn!
|
MARC
| LEADER | 00000 a a2200000 04500 | ||
|---|---|---|---|
| 001 | 18962 | ||
| 003 | |||
| 040 | |||
| 100 | |a Offe, Claus | ||
| 245 | |a Algunas consideraciones escépticas sobre la maleabilidad de las instituciones representativas / |c Claus Offe, Joshua Cohen | ||
| 650 | |a ECONOMIA DE MERCADO | ||
| 650 | |a RELACIONES ECONOMICAS | ||
| 650 | |a DESIGUALDAD ECONOMICA | ||
| 650 | |a GRUPOS DE INTERESES | ||
| 650 | |a CONTROL SOCIAL | ||
| 650 | |a GRUPOS POPULARES | ||
| 650 | |a SINDICATOS | ||
| 650 | |a SOCIEDAD CIVIL | ||
| 650 | |a PARTICIPACION SOCIAL | ||
| 650 | |a EQUIDAD SOCIAL | ||
| 700 | |a Cohen, Joshua | ||
| 773 | |g número 84 -85; páginas 123-146 | ||
| 999 | |c 40166 |d 40166 | ||
